|
|
|
|
| LEADER |
00000nab a2200000 a 4500 |
| 001 |
vtls000248030 |
| 003 |
SK-MaSNL |
| 005 |
20260318122053.0 |
| 008 |
160202c1986 xo 0 hun |
| 015 |
|
|
|a SNBRB19rr/mm-uuuuu
|
| 035 |
|
|
|a CL0258144
|
| 040 |
|
|
|a SNKBUCL
|b slo
|c SNKBUCL
|e AACR2
|
| 041 |
0 |
|
|a hun
|
| 044 |
|
|
|a xo
|c SK
|
| 080 |
|
|
|a 82.091:894.511 (437):885.4+885.0(048)
|2 1981
|
| 080 |
|
|
|a 894.511 (437)
|2 1981
|
| 080 |
|
|
|a 885.4
|2 1981
|
| 080 |
|
|
|a 885.0(048)
|2 1981
|
| 080 |
|
|
|a 894.511 (437).091
|2 1981
|
| 100 |
1 |
|
|a Mészáros, László
|4 aut
|9 278952
|
| 245 |
1 |
0 |
|a Nemzetiségi irodalmunk és kapcsolatai
|b Csanda Sándor tanulmánykötetéről
|c László Mészáros ; Sándor Csanda
|
| 500 |
|
|
|a V rubrike Kritika.
|
| 650 |
0 |
7 |
|a literatúra maďarská
|z Česko-Slovensko
|2 snkbucl
|9 902940
|
| 650 |
0 |
7 |
|a vzťahy literárne
|2 snkbucl
|9 770059
|
| 655 |
|
7 |
|a články z novín a časopisov
|2 snkbucl
|9 267496
|
| 655 |
|
7 |
|a články z odboru literárna veda a krásna literatúra
|2 snkbucl
|9 770045
|
| 700 |
1 |
|
|a Csanda, Alexander,
|d 1927-1989
|4 aut
|9 188593
|
| 773 |
0 |
|
|t Irodalmi szemle
|g Roč. 29, č. 2 (1986), s. 172-174
|
| 787 |
0 |
8 |
|i Rec.:
|a Csanda, Sándor
|t Nemzetiségi irodalmunk és kapcsolatai
|d Bratislava : Madách, 1985
|
| 850 |
|
|
|a Slovenská národná knižnica v Martine
|a MTA001
|
| 852 |
|
|
|a SNK
|b KIS3GCP
|
| 958 |
|
|
|a RK
|
| 958 |
|
|
|a HU
|
| 958 |
|
|
|a LX
|
| 992 |
|
|
|a RBX
|
| 999 |
|
|
|c 2995752
|d 2997682
|